[Event "Blitz Open"]
[Site "?"]
[Date "2018.08.03"]
[Round "5.5"]
[White "Lu, Shanglei"]
[Black "Ghaem Maghami, Ehsan"]
[Result "1-0"]
[BlackElo "2593"]
[WhiteElo "2635"]
[LiveChessVersion "1.4.8"]

1. e4 {[%clk 0:03:02]} c6 {[%clk 0:03:03]} 2. Nc3 {[%clk 0:03:03]} d5
{[%clk 0:03:05]} 3. Nf3 {[%clk 0:03:04]} Nf6 {[%clk 0:03:05]} 4. e5
{[%clk 0:03:05]} Ne4 {[%clk 0:03:07]} 5. Nxe4 {[%clk 0:03:06]} dxe4
{[%clk 0:03:07]} 6. Ng5 {[%clk 0:03:08]} Qd5 {[%clk 0:02:31]} 7. Qe2
{[%clk 0:03:09]} Qxe5 {[%clk 0:02:22]} 8. Nxe4 {[%clk 0:03:09]} Bf5
{[%clk 0:02:18]} 9. d3 {[%clk 0:03:10]} e6 {[%clk 0:01:51]} 10. f4
{[%clk 0:03:11]} Qd5 {[%clk 0:01:46]} 11. Bd2 {[%clk 0:03:09]} Na6
{[%clk 0:01:39]} 12. Nc3 {[%clk 0:03:05]} Qd4 {[%clk 0:01:27]} 13. g4
{[%clk 0:03:01]} Bg6 {[%clk 0:00:54]} 14. f5 {[%clk 0:03:02]} Bd6
{[%clk 0:00:53]} 15. O-O-O {[%clk 0:02:53]} Bf4 {[%clk 0:00:51]} 16. fxg6
{[%clk 0:02:52]} hxg6 {[%clk 0:00:51]} 17. Bxf4 {[%clk 0:02:42]} Qxf4+
{[%clk 0:00:52]} 18. Kb1 {[%clk 0:02:43]} O-O-O {[%clk 0:00:53]} 19. h3
{[%clk 0:02:43]} Nc7 {[%clk 0:00:49]} 20. Bg2 {[%clk 0:02:44]} Qb4
{[%clk 0:00:48]} 21. Rhf1 Rd7 22. a3 {[%clk 0:02:42]} Qe7 {[%clk 0:00:51]} 23.
Qe5 {[%clk 0:02:40]} f6 {[%clk 0:00:48]} 24. Qa5 {[%clk 0:02:40]} Kb8
{[%clk 0:00:48]} 25. Ne4 {[%clk 0:02:40]} Rd5 {[%clk 0:00:45]} 26. Qb4
{[%clk 0:02:41]} Qxb4 27. axb4 {[%clk 0:02:42]} Rhd8 {[%clk 0:00:43]} 28. Nc5
{[%clk 0:02:41]} Rd4 {[%clk 0:00:43]} 29. c3 {[%clk 0:02:42]} R4d6
{[%clk 0:00:44]} 30. g5 {[%clk 0:02:37]} f5 {[%clk 0:00:43]} 31. Rfe1
{[%clk 0:02:32]} b6 {[%clk 0:00:44]} 32. Nb3 {[%clk 0:02:33]} Rxd3
{[%clk 0:00:45]} 33. Rxd3 {[%clk 0:02:32]} Rxd3 {[%clk 0:00:46]} 34. Nd4
{[%clk 0:02:33]} Rg3 {[%clk 0:00:45]} 35. Nxc6+ {[%clk 0:02:29]} Kb7
{[%clk 0:00:39]} 36. Bh1 {[%clk 0:02:23]} Rxg5 {[%clk 0:00:38]} 37. Kc2
{[%clk 0:02:23]} Rg3 {[%clk 0:00:37]} 38. h4 {[%clk 0:02:06]} Rh3
{[%clk 0:00:31]} 39. Ne7+ {[%clk 0:02:06]} Kb8 {[%clk 0:00:30]} 40. Nxg6
{[%clk 0:01:59]} a5 {[%clk 0:00:30]} 41. b5 {[%clk 0:01:51]} Nxb5
{[%clk 0:00:27]} 42. Rxe6 {[%clk 0:01:52]} Kc7 {[%clk 0:00:17]} 43. Rc6+
{[%clk 0:01:44]} Kb7 {[%clk 0:00:18]} 44. Bd5 {[%clk 0:01:35]} Nc7
{[%clk 0:00:18]} 45. Rd6+ {[%clk 0:01:35]} Kc8 {[%clk 0:00:13]} 46. Ne7+
{[%clk 0:01:34]} Kb8 {[%clk 0:00:14]} 47. Rxb6+ {[%clk 0:01:35]} Ka7
{[%clk 0:00:14]} 48. Nc8# {[%clk 0:01:35]} 1-0

[Event "Blitz Open"]
[Site "?"]
[Date "2018.08.03"]
[Round "5.6"]
[White "Darini, Pouria"]
[Black "Wen, Yang"]
[Result "0-1"]
[BlackElo "2567"]
[WhiteElo "2436"]
[LiveChessVersion "1.4.8"]

1. d4 {[%clk 0:03:02]} g6 {[%clk 0:03:04]} 2. e4 {[%clk 0:03:01]} Bg7
{[%clk 0:03:05]} 3. Nc3 {[%clk 0:03:01]} d6 {[%clk 0:03:06]} 4. Be3
{[%clk 0:03:01]} a6 {[%clk 0:03:07]} 5. a4 {[%clk 0:02:49]} Nf6 {[%clk 0:03:05]}
6. Nf3 {[%clk 0:02:46]} O-O {[%clk 0:03:02]} 7. Be2 {[%clk 0:02:43]} e6
{[%clk 0:02:59]} 8. Qd2 {[%clk 0:02:41]} b6 {[%clk 0:02:58]} 9. O-O
{[%clk 0:02:23]} Bb7 {[%clk 0:02:59]} 10. Bd3 {[%clk 0:02:24]} Nbd7
{[%clk 0:02:56]} 11. Bh6 {[%clk 0:02:24]} c5 {[%clk 0:02:49]} 12. Bxg7 Kxg7
{[%clk 0:02:50]} 13. Rae1 {[%clk 0:02:09]} cxd4 14. Nxd4 {[%clk 0:02:10]} Nc5
{[%clk 0:02:11]} 15. b4 {[%clk 0:01:41]} Ncd7 {[%clk 0:02:07]} 16. f4
{[%clk 0:01:17]} Rc8 {[%clk 0:01:57]} 17. Kh1 {[%clk 0:01:17]} Qc7
{[%clk 0:01:37]} 18. Nd1 {[%clk 0:01:01]} e5 {[%clk 0:01:38]} 19. Nf3
{[%clk 0:00:55]} Rce8 {[%clk 0:01:25]} 20. Nf2 {[%clk 0:00:48]} exf4
{[%clk 0:01:09]} 21. Qxf4 {[%clk 0:00:49]} Ne5 {[%clk 0:01:01]} 22. Nh4
{[%clk 0:00:30]} Qd8 {[%clk 0:00:46]} 23. Nf3 {[%clk 0:00:13]} Qe7
{[%clk 0:00:43]} 24. Nd4 {[%clk 0:00:13]} d5 {[%clk 0:00:35]} 25. Qg5
{[%clk 0:00:15]} Kh8 {[%clk 0:00:36]} 26. exd5 {[%clk 0:00:15]} Nxd5
{[%clk 0:00:32]} 27. Nh3 {[%clk 0:00:08]} Nxb4 {[%clk 0:00:26]} 28. Qh6
{[%clk 0:00:05]} Nbxd3 {[%clk 0:00:23]} 29. cxd3 {[%clk 0:00:05]} f6
{[%clk 0:00:23]} 30. Nf4 {[%clk 0:00:03]} Kg8 {[%clk 0:00:11]} 31. Nfe6
{[%clk 0:00:03]} Rf7 {[%clk 0:00:12]} 32. Qh4 {[%clk 0:00:03]} Bd5
{[%clk 0:00:07]} 33. Nf4 {[%clk 0:00:04]} Bb7 34. Qg3 Qd7 {[%clk 0:00:08]} 35.
Nde2 {[%clk 0:00:03]} Rfe7 {[%clk 0:00:08]} 36. Nc3 {[%clk 0:00:03]} Ng4
{[%clk 0:00:09]} 37. Rxe7 Rxe7 {[%clk 0:00:10]} 38. Ne4 {[%clk 0:00:03]} f5
{[%clk 0:00:10]} 39. Qxg4 fxg4 {[%clk 0:00:09]} 40. Nf6+ {[%clk 0:00:05]} Kg7
{[%clk 0:00:10]} 41. Nxd7 Rxd7 {[%clk 0:00:11]} 42. d4 {[%clk 0:00:08]} Bc6
{[%clk 0:00:08]} 43. Rb1 {[%clk 0:00:07]} b5 {[%clk 0:00:06]} 44. axb5 axb5 45.
Kg1 g5 {[%clk 0:00:06]} 46. Ne6+ {[%clk 0:00:11]} Kf6 {[%clk 0:00:07]} 47. Nf8
{[%clk 0:00:03]} Rxd4 {[%clk 0:00:07]} 48. Nxh7+ Kg6 {[%clk 0:00:07]} 49. Nf8+
{[%clk 0:00:05]} Kf7 {[%clk 0:00:05]} 50. Nh7 {[%clk 0:00:04]} Rd2
{[%clk 0:00:05]} 51. Rf1+ Kg7 0-1

[Event "Blitz Open"]
[Site "?"]
[Date "2018.08.03"]
[Round "5.7"]
[White "Bai, Jinshi"]
[Black "Pourramezanali, Amirreza"]
[Result "1-0"]
[BlackElo "2449"]
[WhiteElo "2502"]
[LiveChessVersion "1.4.8"]

1. Nf3 {[%clk 0:03:03]} d5 {[%clk 0:03:04]} 2. g3 {[%clk 0:03:01]} c6
{[%clk 0:03:05]} 3. Bg2 {[%clk 0:03:02]} Bg4 {[%clk 0:03:06]} 4. O-O
{[%clk 0:03:03]} e6 {[%clk 0:03:08]} 5. d3 {[%clk 0:02:56]} Nd7 {[%clk 0:03:09]}
6. c4 {[%clk 0:02:57]} Ngf6 {[%clk 0:03:03]} 7. cxd5 {[%clk 0:02:56]} exd5
{[%clk 0:03:03]} 8. Nc3 {[%clk 0:02:56]} Be7 {[%clk 0:03:04]} 9. Qc2
{[%clk 0:02:55]} O-O {[%clk 0:02:59]} 10. e4 {[%clk 0:02:56]} Nc5
{[%clk 0:02:51]} 11. h3 {[%clk 0:02:53]} Bxf3 {[%clk 0:02:49]} 12. Bxf3
{[%clk 0:02:54]} dxe4 {[%clk 0:02:46]} 13. dxe4 {[%clk 0:02:54]} Qd3
{[%clk 0:02:47]} 14. Qxd3 {[%clk 0:02:13]} Nxd3 {[%clk 0:02:48]} 15. Be3
{[%clk 0:01:51]} Rfe8 {[%clk 0:02:32]} 16. Be2 {[%clk 0:01:43]} Ne5
{[%clk 0:02:15]} 17. f4 {[%clk 0:01:37]} Ned7 {[%clk 0:02:17]} 18. Rad1
{[%clk 0:01:33]} Bc5 {[%clk 0:02:09]} 19. Bxc5 {[%clk 0:01:33]} Nxc5
{[%clk 0:02:10]} 20. e5 {[%clk 0:01:33]} Nfe4 {[%clk 0:02:08]} 21. Nxe4
{[%clk 0:01:25]} Nxe4 {[%clk 0:02:09]} 22. Rf3 {[%clk 0:01:18]} Rad8
{[%clk 0:01:27]} 23. Rfd3 {[%clk 0:00:49]} Rxd3 {[%clk 0:01:28]} 24. Rxd3
{[%clk 0:00:51]} Kf8 {[%clk 0:01:29]} 25. Bg4 {[%clk 0:00:32]} g6
{[%clk 0:01:21]} 26. Kg2 {[%clk 0:00:27]} Re7 {[%clk 0:00:56]} 27. b4
{[%clk 0:00:25]} f5 {[%clk 0:00:32]} 28. Bf3 {[%clk 0:00:27]} Rc7
{[%clk 0:00:32]} 29. Bxe4 {[%clk 0:00:21]} fxe4 {[%clk 0:00:34]} 30. Rd4
{[%clk 0:00:22]} c5 {[%clk 0:00:35]} 31. Rxe4 {[%clk 0:00:23]} c4
{[%clk 0:00:32]} 32. Re2 {[%clk 0:00:24]} Rd7 {[%clk 0:00:31]} 33. a4
{[%clk 0:00:20]} Rd3 {[%clk 0:00:28]} 34. Rc2 {[%clk 0:00:21]} c3
{[%clk 0:00:29]} 35. Kf2 Ke7 {[%clk 0:00:30]} 36. h4 {[%clk 0:00:20]} h5
{[%clk 0:00:32]} 37. Rc1 {[%clk 0:00:17]} Ke6 {[%clk 0:00:32]} 38. Rc2
{[%clk 0:00:15]} Kf5 {[%clk 0:00:29]} 39. Rc1 {[%clk 0:00:16]} b6
{[%clk 0:00:27]} 40. Rc2 {[%clk 0:00:15]} Ke6 {[%clk 0:00:28]} 41. Rc1
{[%clk 0:00:16]} a6 {[%clk 0:00:27]} 42. Rc2 {[%clk 0:00:17]} b5 {[%clk 0:00:29]}
43. Rc1 {[%clk 0:00:19]} Kd5 44. Rc2 Ke6 {[%clk 0:00:18]} 45. Rc1
{[%clk 0:00:22]} Kd5 {[%clk 0:00:19]} 46. Rc2 {[%clk 0:00:23]} Ke6 47. Rc1 Kd5
{[%clk 0:00:22]} 48. Rc2 {[%clk 0:00:26]} Kc4 {[%clk 0:00:13]} 49. e6
{[%clk 0:00:27]} Rd8 {[%clk 0:00:14]} 50. Re2 {[%clk 0:00:12]} Kxb4
{[%clk 0:00:09]} 51. g4 {[%clk 0:00:13]} hxg4 {[%clk 0:00:05]} 52. h5
{[%clk 0:00:15]} gxh5 {[%clk 0:00:08]} 53. f5 {[%clk 0:00:18]} h4
{[%clk 0:00:08]} 54. e7 {[%clk 0:00:18]} Rh8 {[%clk 0:00:08]} 55. f6
{[%clk 0:00:16]} h3 56. f7 {[%clk 0:00:16]} h2 {[%clk 0:00:11]} 57. f8=Q
{[%clk 0:00:16]} h1=Q {[%clk 0:00:13]} 58. e8=Q+ {[%clk 0:00:14]} Rxf8+
{[%clk 0:00:06]} 59. Qxf8+ {[%clk 0:00:15]} Kb3 {[%clk 0:00:08]} 60. Qf7+
{[%clk 0:00:16]} Kb4 {[%clk 0:00:08]} 61. Qe7+ {[%clk 0:00:17]} Kb3
{[%clk 0:00:10]} 62. Qe6+ {[%clk 0:00:18]} Kb4 {[%clk 0:00:10]} 63. Qd6+
{[%clk 0:00:19]} Kb3 {[%clk 0:00:12]} 64. Qe6+ {[%clk 0:00:19]} Kb4
{[%clk 0:00:10]} 65. Qe7+ {[%clk 0:00:19]} Kb3 {[%clk 0:00:11]} 66. Qf7+
{[%clk 0:00:20]} Kb4 {[%clk 0:00:11]} 67. Qf8+ {[%clk 0:00:19]} Kb3
{[%clk 0:00:12]} 68. Qg8+ {[%clk 0:00:20]} Kb4 {[%clk 0:00:10]} 69. Qf8+
{[%clk 0:00:16]} Kb3 {[%clk 0:00:11]} 70. Qf7+ {[%clk 0:00:17]} Kb4
{[%clk 0:00:12]} 71. Qe7+ {[%clk 0:00:14]} Kb3 {[%clk 0:00:13]} 72. Qe6+
{[%clk 0:00:16]} Ka3 {[%clk 0:00:05]} 73. Qxa6 {[%clk 0:00:15]} Kb4
{[%clk 0:00:05]} 74. Qd6+ {[%clk 0:00:12]} Kb3 {[%clk 0:00:07]} 75. Qe6+
{[%clk 0:00:11]} Ka3 {[%clk 0:00:08]} 76. Qe7+ {[%clk 0:00:10]} Kb3
{[%clk 0:00:10]} 77. Qe6+ {[%clk 0:00:12]} Ka3 {[%clk 0:00:10]} 78. Qa6
{[%clk 0:00:13]} Kb4 {[%clk 0:00:11]} 79. Qd6+ {[%clk 0:00:11]} Kb3
{[%clk 0:00:12]} 80. Qe6+ {[%clk 0:00:12]} Ka3 {[%clk 0:00:13]} 81. Qxg4
{[%clk 0:00:12]} Qd5 {[%clk 0:00:06]} 82. Qc8 {[%clk 0:00:08]} Qd4+
{[%clk 0:00:05]} 83. Kf1 {[%clk 0:00:07]} Qf4+ {[%clk 0:00:06]} 84. Ke1
{[%clk 0:00:07]} Qg3+ {[%clk 0:00:07]} 85. Kf1 {[%clk 0:00:08]} Qf3+
{[%clk 0:00:08]} 86. Ke1 {[%clk 0:00:08]} Qg3+ {[%clk 0:00:09]} 87. Rf2
{[%clk 0:00:04]} Qe3+ {[%clk 0:00:09]} 88. Kf1 {[%clk 0:00:05]} Qd3+
{[%clk 0:00:07]} 89. Kg1 {[%clk 0:00:05]} Qd1+ {[%clk 0:00:07]} 90. Kg2
{[%clk 0:00:05]} Qd5+ {[%clk 0:00:08]} 91. Kg1 {[%clk 0:00:05]} Qd1+
{[%clk 0:00:09]} 92. Kh2 {[%clk 0:00:06]} Qd6+ {[%clk 0:00:10]} 93. Kg1
{[%clk 0:00:06]} Qd1+ {[%clk 0:00:11]} 94. Kg2 {[%clk 0:00:06]} Qd5+
{[%clk 0:00:12]} 95. Kg1 {[%clk 0:00:04]} Qd1+ {[%clk 0:00:13]} 96. Kh2
{[%clk 0:00:06]} Qd6+ {[%clk 0:00:11]} 97. Kh1 {[%clk 0:00:05]} Qd1+
{[%clk 0:00:11]} 98. Kg2 {[%clk 0:00:06]} Qd5+ {[%clk 0:00:11]} 99. Rf3
{[%clk 0:00:07]} b4 {[%clk 0:00:10]} 100. Qa6 {[%clk 0:00:08]} Kb2
{[%clk 0:00:11]} 101. Qf6 {[%clk 0:00:06]} Kb3 {[%clk 0:00:05]} 102. Qa6
{[%clk 0:00:04]} Kb2 {[%clk 0:00:05]} 103. Qf6 {[%clk 0:00:05]} Kb3
{[%clk 0:00:04]} 104. Qf4 {[%clk 0:00:06]} Kb2 {[%clk 0:00:04]} 105. Qxb4+
{[%clk 0:00:07]} Ka2 {[%clk 0:00:04]} 106. Qxc3 {[%clk 0:00:07]} Qg5+
{[%clk 0:00:05]} 107. Rg3 {[%clk 0:00:08]} Qd5+ {[%clk 0:00:06]} 108. Qf3
{[%clk 0:00:09]} 1-0

[Event "Blitz Open"]
[Site "?"]
[Date "2018.08.03"]
[Round "5.8"]
[White "Lorparizangeneh, Shahin"]
[Black "Xu, Xiangyu"]
[Result "1-0"]
[BlackElo "2448"]
[WhiteElo "2487"]
[LiveChessVersion "1.4.8"]

1. Nf3 {[%clk 0:03:02]} d5 {[%clk 0:03:03]} 2. g3 {[%clk 0:03:03]} g6
{[%clk 0:03:04]} 3. Bg2 {[%clk 0:03:00]} Bg7 {[%clk 0:03:06]} 4. c4
{[%clk 0:03:00]} Nf6 {[%clk 0:03:06]} 5. O-O {[%clk 0:02:58]} e6 {[%clk 0:03:06]}
6. d4 {[%clk 0:02:54]} Nc6 {[%clk 0:03:07]} 7. Qc2 {[%clk 0:02:51]} Ne7
{[%clk 0:03:08]} 8. b3 {[%clk 0:02:49]} b6 {[%clk 0:03:09]} 9. Nc3
{[%clk 0:02:47]} Bb7 {[%clk 0:03:10]} 10. Bb2 {[%clk 0:02:46]} Rc8
{[%clk 0:03:10]} 11. Rfd1 {[%clk 0:02:44]} O-O {[%clk 0:03:10]} 12. Rac1
{[%clk 0:02:43]} a6 {[%clk 0:03:09]} 13. Qb1 {[%clk 0:02:38]} Nf5
{[%clk 0:03:09]} 14. e3 {[%clk 0:02:38]} Qe7 {[%clk 0:03:09]} 15. a4
{[%clk 0:02:32]} Rfe8 {[%clk 0:03:08]} 16. Qa1 {[%clk 0:02:26]} Nd7
{[%clk 0:03:04]} 17. a5 {[%clk 0:02:22]} dxc4 {[%clk 0:02:45]} 18. bxc4
{[%clk 0:02:23]} c5 {[%clk 0:02:46]} 19. d5 {[%clk 0:02:18]} exd5
{[%clk 0:02:34]} 20. Nxd5 {[%clk 0:01:11]} Bxd5 {[%clk 0:02:33]} 21. cxd5
{[%clk 0:01:05]} Bxb2 {[%clk 0:02:34]} 22. Qxb2 {[%clk 0:01:06]} b5
{[%clk 0:02:35]} 23. d6 {[%clk 0:00:57]} Qf8 {[%clk 0:02:24]} 24. Bh3
{[%clk 0:00:56]} Qg7 {[%clk 0:02:09]} 25. Qxg7+ {[%clk 0:00:44]} Kxg7
{[%clk 0:02:10]} 26. g4 {[%clk 0:00:31]} Nh6 {[%clk 0:02:08]} 27. g5
{[%clk 0:00:32]} Nf5 {[%clk 0:02:09]} 28. Bxf5 {[%clk 0:00:31]} gxf5 29. Nh4 c4
{[%clk 0:01:59]} 30. Nxf5+ {[%clk 0:00:33]} Kf8 {[%clk 0:02:00]} 31. Ne7
{[%clk 0:00:13]} Rc5 {[%clk 0:02:01]} 32. h4 {[%clk 0:00:13]} c3 {[%clk 0:01:56]}
33. Nd5 {[%clk 0:00:12]} Rec8 {[%clk 0:01:45]} 34. Nc7 {[%clk 0:00:11]} b4
{[%clk 0:01:45]} 35. Nxa6 {[%clk 0:00:11]} Rxa5 {[%clk 0:01:46]} 36. Nxb4
{[%clk 0:00:12]} Ra4 {[%clk 0:01:46]} 37. Nd5 {[%clk 0:00:13]} Rac4
{[%clk 0:01:45]} 38. Nc7 {[%clk 0:00:13]} Rc6 {[%clk 0:01:42]} 39. Rd3
{[%clk 0:00:13]} c2 {[%clk 0:01:41]} 40. Rd2 {[%clk 0:00:14]} Kg7
{[%clk 0:01:18]} 41. Rcxc2 {[%clk 0:00:14]} Rxc2 {[%clk 0:01:19]} 42. Rxc2
{[%clk 0:00:15]} Kg6 {[%clk 0:01:21]} 43. Kg2 {[%clk 0:00:12]} Kf5
{[%clk 0:01:21]} 44. Rc4 {[%clk 0:00:13]} Ke5 {[%clk 0:01:20]} 45. f4+
{[%clk 0:00:11]} Kf5 {[%clk 0:01:20]} 46. Kf3 {[%clk 0:00:12]} f6
{[%clk 0:01:20]} 47. e4+ {[%clk 0:00:13]} Kg6 {[%clk 0:01:21]} 48. f5+
{[%clk 0:00:14]} Kf7 {[%clk 0:01:22]} 49. Kf4 {[%clk 0:00:14]} Ne5
{[%clk 0:01:23]} 50. Rd4 {[%clk 0:00:13]} Nd7 {[%clk 0:01:20]} 51. Ra4
{[%clk 0:00:13]} Rb8 {[%clk 0:01:12]} 52. Ra7 {[%clk 0:00:12]} fxg5+
{[%clk 0:01:11]} 53. hxg5 {[%clk 0:00:13]} Rb1 {[%clk 0:01:12]} 54. Nd5
{[%clk 0:00:12]} Ke8 {[%clk 0:01:13]} 55. Nf6+ {[%clk 0:00:10]} Nxf6
{[%clk 0:01:11]} 56. gxf6 {[%clk 0:00:11]} 1-0

[Event "Blitz Open"]
[Site "?"]
[Date "2018.08.03"]
[Round "5.9"]
[White "Adhiban, B."]
[Black "Abdisalimov, Abdimalik"]
[Result "1-0"]
[BlackElo "2184"]
[WhiteElo "2627"]
[LiveChessVersion "1.4.8"]

1. d4 {[%clk 0:03:03]} Nf6 {[%clk 0:03:03]} 2. c4 {[%clk 0:03:04]} e6
{[%clk 0:03:04]} 3. Nf3 {[%clk 0:03:04]} Bb4+ {[%clk 0:03:05]} 4. Nbd2
{[%clk 0:03:04]} O-O {[%clk 0:03:05]} 5. a3 {[%clk 0:03:06]} Be7 {[%clk 0:03:06]}
6. e4 {[%clk 0:03:06]} d6 {[%clk 0:03:07]} 7. Qc2 {[%clk 0:03:05]} a5
{[%clk 0:03:05]} 8. b3 {[%clk 0:03:07]} Nfd7 {[%clk 0:02:27]} 9. Bb2
{[%clk 0:03:07]} Nc6 {[%clk 0:02:12]} 10. g3 {[%clk 0:03:07]} e5 {[%clk 0:01:53]}
11. d5 {[%clk 0:03:00]} Ncb8 {[%clk 0:01:54]} 12. Bg2 {[%clk 0:02:58]} Nc5
{[%clk 0:01:34]} 13. b4 {[%clk 0:02:56]} axb4 {[%clk 0:01:35]} 14. axb4
{[%clk 0:02:58]} Rxa1+ {[%clk 0:01:37]} 15. Bxa1 {[%clk 0:02:59]} Nca6
{[%clk 0:01:38]} 16. Bc3 {[%clk 0:03:00]} c5 {[%clk 0:01:25]} 17. dxc6
{[%clk 0:02:58]} bxc6 {[%clk 0:01:25]} 18. O-O {[%clk 0:02:57]} Be6
{[%clk 0:01:20]} 19. Rb1 {[%clk 0:02:31]} Qb6 {[%clk 0:01:15]} 20. Bf1
{[%clk 0:02:03]} Qb7 {[%clk 0:00:52]} 21. c5 {[%clk 0:02:02]} dxc5 22. bxc5
{[%clk 0:02:03]} Qc8 {[%clk 0:00:29]} 23. Bxe5 {[%clk 0:02:00]} Nd7
{[%clk 0:00:18]} 24. Bd6 {[%clk 0:02:01]} Re8 {[%clk 0:00:16]} 25. Bxe7
{[%clk 0:01:43]} Rxe7 {[%clk 0:00:17]} 26. Nd4 {[%clk 0:01:31]} Naxc5
{[%clk 0:00:17]} 27. N2f3 {[%clk 0:01:12]} Bg4 {[%clk 0:00:15]} 28. e5
{[%clk 0:01:10]} Bxf3 29. Nxf3 {[%clk 0:01:11]} g6 {[%clk 0:00:06]} 30. Re1
{[%clk 0:01:08]} Qc7 {[%clk 0:00:07]} 31. Qc3 {[%clk 0:01:05]} Nb7
{[%clk 0:00:05]} 32. Bc4 {[%clk 0:01:03]} Qa5 {[%clk 0:00:05]} 33. Qd4
{[%clk 0:00:57]} Qc5 {[%clk 0:00:06]} 34. Qf4 {[%clk 0:00:51]} Nd8
{[%clk 0:00:07]} 35. Rd1 {[%clk 0:00:45]} Ne6 {[%clk 0:00:04]} 36. Bxe6 fxe6
{[%clk 0:00:05]} 37. Rd6 {[%clk 0:00:34]} Rf7 {[%clk 0:00:05]} 38. Qe4
{[%clk 0:00:30]} Qc3 {[%clk 0:00:05]} 39. Kg2 {[%clk 0:00:27]} 1-0

[Event "Blitz Open"]
[Site "?"]
[Date "2018.08.03"]
[Round "5.10"]
[White "Yakubboev, Nodirbek"]
[Black "Gupta, Abhijeet"]
[Result "0-1"]
[BlackElo "2560"]
[WhiteElo "2353"]
[LiveChessVersion "1.4.8"]

1. g3 {[%clk 0:03:01]} d5 {[%clk 0:03:00]} 2. Nf3 {[%clk 0:03:01]} g6
{[%clk 0:03:00]} 3. d4 {[%clk 0:02:59]} Bg7 {[%clk 0:03:01]} 4. Bg2
{[%clk 0:03:00]} Nf6 {[%clk 0:03:02]} 5. O-O {[%clk 0:03:00]} c6 {[%clk 0:03:03]}
6. b3 {[%clk 0:02:39]} a5 {[%clk 0:03:03]} 7. c4 {[%clk 0:02:34]} a4
{[%clk 0:02:50]} 8. Bb2 {[%clk 0:02:33]} Ne4 {[%clk 0:02:49]} 9. Nfd2
{[%clk 0:01:58]} Nxd2 {[%clk 0:02:47]} 10. Qxd2 {[%clk 0:01:51]} O-O
{[%clk 0:02:44]} 11. Na3 {[%clk 0:01:21]} Be6 {[%clk 0:02:26]} 12. c5
{[%clk 0:00:59]} axb3 {[%clk 0:02:18]} 13. axb3 {[%clk 0:01:00]} Bf5
{[%clk 0:02:16]} 14. Nc2 {[%clk 0:00:50]} Rxa1 {[%clk 0:01:58]} 15. Rxa1
{[%clk 0:00:52]} Bxc2 {[%clk 0:01:58]} 16. Qxc2 {[%clk 0:00:53]} Na6
{[%clk 0:01:59]} 17. e3 {[%clk 0:00:45]} Re8 {[%clk 0:01:52]} 18. f4
{[%clk 0:00:35]} Qd7 {[%clk 0:01:53]} 19. Bf1 {[%clk 0:00:31]} Nc7
{[%clk 0:01:54]} 20. Ra7 {[%clk 0:00:30]} Rb8 {[%clk 0:01:53]} 21. Bc3
{[%clk 0:00:25]} h5 {[%clk 0:01:53]} 22. Be2 {[%clk 0:00:18]} Ne8
{[%clk 0:01:49]} 23. Kg2 {[%clk 0:00:17]} Nf6 {[%clk 0:01:46]} 24. Bf3
{[%clk 0:00:16]} Qe6 {[%clk 0:01:44]} 25. Bd2 {[%clk 0:00:15]} h4
{[%clk 0:01:40]} 26. Qd3 {[%clk 0:00:13]} h3+ {[%clk 0:01:40]} 27. Kg1
{[%clk 0:00:13]} Ne4 {[%clk 0:01:40]} 28. Ba5 {[%clk 0:00:12]} Nf6
{[%clk 0:01:19]} 29. Bc7 {[%clk 0:00:10]} Rc8 {[%clk 0:01:20]} 30. Be5
{[%clk 0:00:09]} Qd7 {[%clk 0:01:08]} 31. b4 {[%clk 0:00:08]} Ne8
{[%clk 0:01:01]} 32. Bxg7 Nxg7 {[%clk 0:01:02]} 33. g4 {[%clk 0:00:09]} Ne8
{[%clk 0:00:56]} 34. Kf2 {[%clk 0:00:09]} Kg7 {[%clk 0:00:44]} 35. Kg3
{[%clk 0:00:10]} Nf6 {[%clk 0:00:41]} 36. Kxh3 {[%clk 0:00:11]} Qc7
{[%clk 0:00:36]} 37. g5 {[%clk 0:00:08]} Rh8+ {[%clk 0:00:28]} 38. Kg3
{[%clk 0:00:09]} Nh5+ {[%clk 0:00:23]} 39. Kg2 {[%clk 0:00:07]} Nxf4+ 40. exf4
{[%clk 0:00:08]} Qxf4 {[%clk 0:00:17]} 41. h3 {[%clk 0:00:09]} Qxg5+
{[%clk 0:00:17]} 42. Kf2 {[%clk 0:00:05]} Rxh3 {[%clk 0:00:17]} 43. Ra1
{[%clk 0:00:04]} Rh2+ {[%clk 0:00:17]} 44. Kf1 {[%clk 0:00:05]} Qg3
{[%clk 0:00:15]} 45. Qe3 {[%clk 0:00:04]} Rh1+ {[%clk 0:00:16]} 0-1

[Event "Blitz Open"]
[Site "?"]
[Date "2018.08.03"]
[Round "5.11"]
[White "Ganguly, Surya Shekhar"]
[Black "Sindarov, Javokhir"]
[Result "0-1"]
[BlackElo "2392"]
[WhiteElo "2565"]
[LiveChessVersion "1.4.8"]

1. e4 {[%clk 0:03:02]} e5 {[%clk 0:03:04]} 2. Nf3 {[%clk 0:03:03]} Nc6
{[%clk 0:03:05]} 3. Bb5 {[%clk 0:03:03]} a6 {[%clk 0:03:06]} 4. Ba4
{[%clk 0:03:04]} Nf6 {[%clk 0:03:06]} 5. O-O {[%clk 0:03:04]} Be7
{[%clk 0:03:08]} 6. d3 {[%clk 0:03:00]} d6 {[%clk 0:03:07]} 7. c3
{[%clk 0:02:56]} O-O {[%clk 0:03:06]} 8. Re1 {[%clk 0:02:57]} Re8
{[%clk 0:03:05]} 9. d4 {[%clk 0:02:49]} exd4 10. cxd4 {[%clk 0:02:50]} b5
{[%clk 0:02:57]} 11. Bb3 {[%clk 0:02:34]} Bg4 {[%clk 0:02:37]} 12. Be3
{[%clk 0:02:35]} Na5 {[%clk 0:02:21]} 13. Bc2 {[%clk 0:02:36]} Nc4
{[%clk 0:02:14]} 14. Bc1 {[%clk 0:02:36]} c5 {[%clk 0:02:15]} 15. b3
{[%clk 0:02:30]} Nb6 {[%clk 0:02:13]} 16. Nbd2 {[%clk 0:02:27]} cxd4
{[%clk 0:01:55]} 17. Bb2 {[%clk 0:02:25]} Nfd7 {[%clk 0:01:56]} 18. Qb1
{[%clk 0:02:07]} Bf6 {[%clk 0:01:38]} 19. Nxd4 {[%clk 0:02:06]} Rc8
{[%clk 0:01:37]} 20. a4 {[%clk 0:02:01]} bxa4 {[%clk 0:01:31]} 21. bxa4
{[%clk 0:02:02]} Ne5 {[%clk 0:01:18]} 22. h3 {[%clk 0:01:33]} Bd7
{[%clk 0:01:10]} 23. Nf5 {[%clk 0:01:27]} Bxf5 {[%clk 0:00:57]} 24. exf5
{[%clk 0:01:27]} Rb8 {[%clk 0:00:58]} 25. Qa2 {[%clk 0:01:12]} Qc8
{[%clk 0:00:35]} 26. Bb3 {[%clk 0:01:06]} Qxf5 {[%clk 0:00:31]} 27. Ne4
{[%clk 0:00:50]} Red8 {[%clk 0:00:15]} 28. Nxf6+ {[%clk 0:00:33]} Qxf6
{[%clk 0:00:16]} 29. Rad1 {[%clk 0:00:33]} h6 {[%clk 0:00:10]} 30. Re3
{[%clk 0:00:27]} Nbc4 {[%clk 0:00:10]} 31. Bxc4 {[%clk 0:00:26]} Rxb2
{[%clk 0:00:10]} 32. Qxb2 {[%clk 0:00:12]} Nf3+ {[%clk 0:00:12]} 33. Rxf3
{[%clk 0:00:13]} Qxb2 {[%clk 0:00:13]} 34. Rxf7 {[%clk 0:00:12]} d5
{[%clk 0:00:14]} 35. Rxd5 {[%clk 0:00:09]} Qc1+ {[%clk 0:00:15]} 36. Kh2
{[%clk 0:00:08]} Qxc4 {[%clk 0:00:16]} 37. Rxd8+ {[%clk 0:00:08]} Kxf7
{[%clk 0:00:17]} 38. Rd7+ {[%clk 0:00:08]} Kg6 {[%clk 0:00:16]} 39. a5
{[%clk 0:00:09]} Qb5 {[%clk 0:00:17]} 40. Rd6+ {[%clk 0:00:09]} Kh7
{[%clk 0:00:18]} 0-1